000 01188nam0a22002771 4500
001 rc\4303503
005 20250612043033.0
021 _aRU
_b[59-5329]
035 _a(NLR Aleph) 008503596
090 _a8124564
_c8124564
100 _a20130416d1958 |||y0rusy50 ca
101 0 _arus
102 _aRU
105 _aa z |||||
200 1 _aВибростенды в приборостроении
_fО-во по распространению полит. и науч. знаний РСФСР. Моск. дом науч.-техн. пропаганды им. Ф.Э. Дзержинского
210 _aМосква
_cБ. и.
_d1958
215 _a31 с.
_cил.
_d20
225 1 _a[Передовой опыт производства]
_iСерия "Радиоприборостроение"
_vВып. 7
606 _aВиброизмерительная аппаратура
_xИспытание
_2psbo
606 _aИспытательные установки, вибрационные
_2psbo
700 1 _aВасильева
_bР.В.
_gРимма Васильевна
801 0 _aRU
_bNLR
_gpsbo
801 1 _aRU
_bELAR
_2rusmarc
852 _aNLR
_j59-4/2548
942 _cBOOK
980 _aNB